Innovation, enterpreneurship, and the economy in the US, China , and India : historical perspectives and future trends (Record no. 445642)

000 -LEADER
fixed length control field 00626cam a22001577a 4500
008 - FIXED-LENGTH DATA ELEMENTS--GENERAL INFORMATION
fixed length control field 180718b2015 xxu||||| |||| 00| 0 eng d
020 ## - INTERNATIONAL STANDARD BOOK NUMBER
International Standard Book Number 9780128018903
082 ## - DEWEY DECIMAL CLASSIFICATION NUMBER
Classification number T31x73 Sh13
100 ## - MAIN ENTRY--PERSONAL NAME
Personal name Shah, Rajiv, Gao, Zhijie and Mittal, Harini
245 ## - TITLE STATEMENT
Title Innovation, enterpreneurship, and the economy in the US, China , and India : historical perspectives and future trends
Statement of responsibility, etc. by Rajiv Shah , Zhijie Gao and Harini Mittal
260 ## - PUBLICATION, DISTRIBUTION, ETC.
Place of publication, distribution, etc. New York
Name of publisher, distributor, etc. Amasterdam
Date of publication, distribution, etc. 2015
300 ## - PHYSICAL DESCRIPTION
Extent 390p.
650 ## - SUBJECT ADDED ENTRY--TOPICAL TERM
Topical term or geographic name entry element Free enterprise -- United States
650 ## - SUBJECT ADDED ENTRY--TOPICAL TERM
Topical term or geographic name entry element Entrepreneurship -- United States
650 ## - SUBJECT ADDED ENTRY--TOPICAL TERM
Topical term or geographic name entry element Business enterprises -- United States
Holdings
Withdrawn status Lost status Damaged status Not for loan Permanent Location Current Location Date acquired Full call number Barcode Date last seen Price effective from Koha item type
        Indian Institute of Public Administration Indian Institute of Public Administration 2017-05-25 T31x73 Sh13 86964 2018-07-21 2018-07-21 Book

Powered by Koha